[Event "42nd GRE-ch Women 2019"]
[Site "Thessaloniki"]
[Date "2019.11.20"]
[Round "1.1"]
[White "Stefanidi, Maria-Anna"]
[Black "Hristodoulaki, Antonia"]
[Result "0-1"]
[WhiteElo "2012"]
[BlackElo "2054"]
[Annotator "NA RC"]
[PlyCount "164"]
[EventDate "2019.11.20"]
[EventType "tourn"]
[EventCountry "GRE"]
[SourceTitle "playchess.com"]
[Source "ChessBase"]
[SourceQuality "1"]
[TimeControl "40/5400+30:1800+30"]

1. e4 {[%emt 0:00:00]} e6 {[%emt 0:00:00]} 2. d4 {[%emt 0:00:00]} d5 {[%emt 0:00:00]} 3. Nc3 {[%emt 0:00:05]} Nf6 {[%emt 0:00:00]} 4. Bg5 {[%emt 0:01:06]} dxe4 {[%emt 0:00:00]} 5. Nxe4 {[%emt 0:00:45]} Be7 {[%emt 0:00:00]} 6. Bxf6 {[%emt 0:01:37]} gxf6 {[%emt 0:00:04]} 7. Nf3 {[%emt 0:00:36]} f5 {[%emt 0:03:34]} 8. Ng3 {[%emt 0:01:25]} b6 {[%emt 0:14:14]} 9. Qd2 {[%emt 0:01:33]} Bb7 {[%emt 0:04:53]} 10. Ne5 {[%emt 0:03:17]} Bg5 {[%emt 0:03:19]} 11. f4 {[%emt 0:00:23]} Bh6 {[%emt 0:00:34]} 12. O-O-O {[%emt 0:08:15]} Qh4 {[%emt 0:10:26]} 13. Ne2 {[%emt 0:01:27]} Rg8 {[%emt 0:27:34]} 14. Rg1 {[%emt 0:10:43]} Nd7 {[%emt 0:06:42]} 15. Nxd7 {[%emt 0:00:25]} Kxd7 {[%emt 0:00:02]} 16. d5 {[%emt 0:00:12]} exd5 {[%emt 0:00:35]} 17. g3 {[%emt 0:02:20]} Qxh2 {[%emt 0:07:12]} 18. Bg2 {[%emt 0:01:23]} c6 {[%emt 0:01:55]} 19. Qd3 {[%emt 0:00:09]} Rae8 {[%emt 0:05:18]} 20. Bf3 {[%emt 0:03:17]} Qf2 {[%emt 0:03:55]} 21. Qxf5+ {[%emt 0:00:30]} Kd6 {[%emt 0:03:49]} 22. Rgf1 {[%emt 0:03:00]} Qe3+ {[%emt 0:00:16]} 23. Kb1 {[%emt 0:00:06]} Qe6 {[%emt 0:00:46]} 24. Nd4 {[%emt 0:02:18]} Qg6 {[%emt 0:05:40]} 25. Bh5 {[%emt 0:00:16]} Qg7 {[%emt 0:00:40]} 26. Qxf7 {[%emt 0:00:55]} Bc8 {[%emt 0:00:42]} 27. Qxg7 {[%emt 0:06:46]} Bxg7 {[%emt 0:00:07]} 28. Bxe8 {[%emt 0:00:05]} Rxe8 {[%emt 0:00:04]} 29. f5 {[%emt 0:00:33]} Bxd4 {[%emt 0:00:48]} 30. Rxd4 {[%emt 0:01:31]} Bxf5 {[%emt 0:00:08]} 31. Rdf4 {[%emt 0:00:27]} Bg6 {[%emt 0:00:14]} 32. Kc1 {[%emt 0:00:55]} Re3 {[%emt 0:01:19]} 33. R1f3 {[%emt 0:01:49]} Re2 {[%emt 0:00:50]} 34. Rf2 {[%emt 0:00:06]} Re3 {[%emt 0:00:04]} 35. R4f3 {[%emt 0:00:05]} Re1+ {[%emt 0:01:07]} 36. Kd2 {[%emt 0:00:07]} Re7 {[%emt 0:00:15]} 37. Rf8 {[%emt 0:00:26]} Kc5 {[%emt 0:00:50]} 38. R8f6 {[%emt 0:01:46]} Re5 {[%emt 0:00:31]} 39. c3 {[%emt 0:02:18]} a5 {[%emt 0:00:22]} 40. R2f3 {[%emt 0:00:00]} Be4 {[%emt 0:00:00]} 41. Re3 {[%emt 0:14:03]} a4 {[%emt 0:04:54]} 42. Rh6 {[%emt 0:06:38]} Rf5 {[%emt 0:01:02]} 43. Ke2 {[%emt 0:07:41]} Rf7 {[%emt 0:01:25]} 44. b4+ {[%emt 0:04:13]} axb3 {[%emt 0:04:29]} 45. axb3 {[%emt 0:00:07]} Ra7 {[%emt 0:00:47]} 46. Kf2 {[%emt 0:09:43]} Rf7+ {[%emt 0:02:06]} 47. Kg1 {[%emt 0:00:13]} Ra7 {[%emt 0:00:48]} 48. g4 {[%emt 0:04:57]} Rg7 {[%emt 0:01:59]} 49. Rg3 {[%emt 0:00:13]} Bg6 {[%emt 0:00:23]} 50. Rh2 {[%emt 0:00:45]} Ra7 {[%emt 0:00:26]} 51. Rd2 {[%emt 0:00:21]} Ra3 {[%emt 0:01:30]} 52. b4+ {[%emt 0:01:49]} Kd6 {[%emt 0:00:06]} 53. Rf3 {[%emt 0:02:16]} Ke5 {[%emt 0:00:39]} 54. Re2+ {[%emt 0:05:47]} Be4 {[%emt 0:00:42]} 55. Kf2 {[%emt 0:00:37]} Ra7 {[%emt 0:01:57]} 56. Rf5+ {[%emt 0:00:20]} Ke6 {[%emt 0:01:12]} 57. Kg3 {[%emt 0:05:21]} Ra3 {[%emt 0:06:36]} 58. Re3 {[%emt 0:00:23]} c5 {[%emt 0:01:38]} 59. bxc5 {[%emt 0:08:49]} bxc5 {[%emt 0:00:01]} 60. Kf4 {[%emt 0:00:10]} c4 {[%emt 0:01:53]} 61. g5 {[%emt 0:02:50]} Ra1 {[%emt 0:02:35]} 62. Rf6+ {[%emt 0:00:37]} Kd7 {[%emt 0:00:09]} 63. Rf7+ {[%emt 0:01:54]} Kd6 {[%emt 0:00:39]} 64. Rf6+ {[%emt 0:04:20]} Kd7 {[%emt 0:00:34]} 65. Ke5 {[%emt 0:00:59]} Rg1 {[%emt 0:00:32]} 66. Kf4 {[%emt 0:01:49]} Rf1+ {[%emt 0:00:49]} 67. Kg4 {[%emt 0:00:15]} Rxf6 {[%emt 0:01:28]} 68. gxf6 {[%emt 0:01:17]} Ke6 {[%emt 0:00:02]} 69. Kg5 {[%emt 0:00:37]} h6+ {[%emt 0:00:06]} 70. Kxh6 {[%emt 0:00:22]} Kxf6 {[%emt 0:00:02]} 71. Rg3 {[%emt 0:01:35]} Kf5 {[%emt 0:00:35]} 72. Kh5 {[%emt 0:00:21]} Kf4 {[%emt 0:01:09]} 73. Kh4 {[%emt 0:00:07]} Bf5 {[%emt 0:00:36]} 74. Rg1 {[%emt 0:00:35]} Ke3 {[%emt 0:00:32]} 75. Rd1 {[%emt 0:00:16]} Bd3 {[%emt 0:00:13]} 76. Kg3 {[%emt 0:01:14]} Ke2 {[%emt 0:00:16]} 77. Ra1 {[%emt 0:00:09]} Kd2 {[%emt 0:00:37]} 78. Ra3 {[%emt 0:01:01]} Kc2 {[%emt 0:00:25]} 79. Kf4 {[%emt 0:00:13]} Kb2 {[%emt 0:00:08]} 80. Ra5 {[%emt 0:00:13]} Be4 {[%emt 0:00:06]} 81. Ke5 {[%emt 0:01:12]} Kxc3 {[%emt 0:00:12]} 82. Ra3+ {[%emt 0:00:30]} Kb2 {[%emt 0:00:12]} 0-1

[Event "42nd GRE-ch Women 2019"]
[Site "Thessaloniki"]
[Date "2019.11.20"]
[Round "1.2"]
[White "Makka, Evanthia"]
[Black "Makka, Ioulia"]
[Result "1/2-1/2"]
[WhiteElo "2059"]
[BlackElo "2048"]
[Annotator "NA RC"]
[PlyCount "61"]
[EventDate "2019.11.20"]
[EventType "tourn"]
[EventCountry "GRE"]
[SourceTitle "playchess.com"]
[Source "ChessBase"]
[SourceQuality "1"]
[TimeControl "40/5400+30:1800+30"]

1. e4 {[%emt 0:00:00]} e6 {[%emt 0:00:03]} 2. d4 {[%emt 0:00:00]} d5 {[%emt 0:00:05]} 3. exd5 {[%emt 0:00:00]} exd5 {[%emt 0:00:00]} 4. Bd3 {[%emt 0:00:00]} Bd6 {[%emt 0:00:00]} 5. Nf3 {[%emt 0:00:11]} Nf6 {[%emt 0:00:00]} 6. c3 {[%emt 0:00:02]} c6 {[%emt 0:00:00]} 7. Bg5 {[%emt 0:00:28]} O-O {[%emt 0:00:57]} 8. O-O {[%emt 0:00:08]} Bg4 {[%emt 0:01:03]} 9. Nbd2 {[%emt 0:00:07]} Nbd7 {[%emt 0:00:00]} 10. Bh4 {[%emt 0:00:21]} Qc7 {[%emt 0:00:14]} 11. Bg3 {[%emt 0:01:43]} Bh5 {[%emt 0:00:17]} 12. Bxd6 {[%emt 0:00:20]} Qxd6 {[%emt 0:00:06]} 13. Qc2 {[%emt 0:00:05]} Bg6 {[%emt 0:00:12]} 14. Rfe1 {[%emt 0:00:08]} Rfe8 {[%emt 0:00:23]} 15. Bxg6 {[%emt 0:00:47]} hxg6 {[%emt 0:00:04]} 16. Rxe8+ {[%emt 0:00:23]} Rxe8 {[%emt 0:00:05]} 17. Re1 {[%emt 0:00:10]} Rxe1+ {[%emt 0:00:43]} 18. Nxe1 {[%emt 0:00:04]} Nf8 {[%emt 0:00:40]} 19. Qd3 {[%emt 0:00:18]} Qe7 {[%emt 0:00:18]} 20. Kf1 {[%emt 0:01:02]} N8d7 {[%emt 0:00:36]} 21. Qe2 {[%emt 0:00:13]} Qxe2+ {[%emt 0:00:09]} 22. Kxe2 {[%emt 0:00:03]} Kf8 {[%emt 0:00:14]} 23. Nd3 {[%emt 0:00:17]} Ke7 {[%emt 0:00:17]} 24. h3 {[%emt 0:00:08]} Ne8 {[%emt 0:00:18]} 25. h4 {[%emt 0:00:14]} Nd6 {[%emt 0:00:35]} 26. g3 {[%emt 0:00:06]} Ne8 {[%emt 0:00:57]} 27. Nf3 {[%emt 0:00:13]} Nef6 {[%emt 0:00:37]} 28. Nd2 {[%emt 0:00:21]} Kd6 {[%emt 0:00:29]} 29. Ke3 {[%emt 0:00:16]} Ke7 {[%emt 0:01:18]} 30. Ke2 {[%emt 0:00:04]} Kd6 {[%emt 0:00:00]} 31. Ke3 {[%emt 0:00:05]} 1/2-1/2

[Event "42nd GRE-ch Women 2019"]
[Site "Thessaloniki"]
[Date "2019.11.20"]
[Round "1.3"]
[White "Vozinaki, Anthi - Maria"]
[Black "Serefidou, Despina"]
[Result "0-1"]
[WhiteElo "1878"]
[BlackElo "1899"]
[Annotator "NA RC"]
[PlyCount "72"]
[EventDate "2019.11.20"]
[EventType "tourn"]
[EventCountry "GRE"]
[SourceTitle "playchess.com"]
[Source "ChessBase"]
[SourceQuality "1"]
[TimeControl "40/5400+30:1800+30"]

1. e4 {[%emt 0:00:00]} e5 {[%emt 0:00:00]} 2. Nf3 {[%emt 0:00:00]} Nc6 {[%emt 0:00:00]} 3. Bc4 {[%emt 0:00:00]} Nf6 {[%emt 0:00:22]} 4. O-O {[%emt 0:05:28]} Be7 {[%emt 0:15:38]} 5. d4 {[%emt 0:08:19]} Nxe4 {[%emt 0:26:43]} 6. dxe5 {[%emt 0:13:30]} O-O {[%emt 0:03:12]} 7. Bf4 {[%emt 0:10:45]} d6 {[%emt 0:14:05]} 8. Bd5 {[%emt 0:09:11]} Nc5 {[%emt 0:05:26]} 9. exd6 {[%emt 0:11:45]} Bxd6 {[%emt 0:00:59]} 10. Bg5 {[%emt 0:02:19]} Qd7 {[%emt 0:02:17]} 11. Nc3 {[%emt 0:01:54]} h6 {[%emt 0:01:36]} 12. Be3 {[%emt 0:02:18]} Ne7 {[%emt 0:04:39]} 13. Re1 {[%emt 0:07:28]} Nxd5 {[%emt 0:01:28]} 14. Qxd5 {[%emt 0:01:11]} Na4 {[%emt 0:05:54]} 15. Qb3 {[%emt 0:09:23]} Nxc3 {[%emt 0:00:25]} 16. Qxc3 {[%emt 0:00:08]} Qg4 {[%emt 0:14:01]} 17. Bc5 {[%emt 0:03:55]} Bxc5 {[%emt 0:00:54]} 18. Qxc5 {[%emt 0:00:04]} c6 {[%emt 0:00:41]} 19. Re7 {[%emt 0:01:05]} Qg6 {[%emt 0:00:29]} 20. Ne5 {[%emt 0:04:27]} Qg5 {[%emt 0:00:30]} 21. Re1 {[%emt 0:01:20]} Bh3 {[%emt 0:00:24]} 22. g3 {[%emt 0:00:13]} b6 {[%emt 0:01:00]} 23. Qd6 {[%emt 0:02:12]} Rad8 {[%emt 0:00:13]} 24. Qc7 {[%emt 0:04:05]} Be6 {[%emt 0:00:21]} 25. f4 {[%emt 0:00:26]} Qf6 {[%emt 0:00:28]} 26. Qxa7 {[%emt 0:00:42]} Ra8 {[%emt 0:00:32]} 27. Qc7 {[%emt 0:00:30]} Rxa2 {[%emt 0:00:38]} 28. Nxc6 {[%emt 0:00:45]} Rxb2 {[%emt 0:00:23]} 29. Ne5 {[%emt 0:00:31]} Rc8 {[%emt 0:00:17]} 30. Qb7 {[%emt 0:00:23]} Rcxc2 {[%emt 0:00:44]} 31. Re8+ {[%emt 0:00:22]} Kh7 {[%emt 0:00:02]} 32. Qa8 {[%emt 0:00:29]} g6 {[%emt 0:00:55]} 33. Rd1 {[%emt 0:00:42]} Bh3 {[%emt 0:00:25]} 34. Nd3 {[%emt 0:00:39]} Rg2+ {[%emt 0:00:13]} 35. Kf1 {[%emt 0:00:17]} Rxh2+ {[%emt 0:00:40]} 36. Ke1 {[%emt 0:00:05]} Qc3+ {[%emt 0:00:16]} 0-1

[Event "42nd GRE-ch Women 2019"]
[Site "Thessaloniki"]
[Date "2019.11.20"]
[Round "1.4"]
[White "Pavlidou, Ekaterini"]
[Black "Markantonaki, Haritomeni"]
[Result "0-1"]
[WhiteElo "2183"]
[BlackElo "2178"]
[Annotator "TA"]
[PlyCount "32"]
[EventDate "2019.11.20"]
[EventType "tourn"]
[EventCountry "GRE"]
[SourceTitle "playchess.com"]
[Source "ChessBase"]
[SourceQuality "1"]

{[%evp 13,62,0,5,1,7,12,4,0,-2,-23,-26,-20,-14,-68,-3,-179,-187,-189,-202,-206,-166,-224,-149,-276,-235,-256,-229,-253,-246,-282,-255,-277,-267,-295,-289,-397,-252,-407,-400,-391,-372,-387,-384,-485,-456,-645,-654,-642,-639,-754,-662]} 1. d4 Nf6 2. c4 e6 3. Nc3 Bb4 4. e3 O-O 5. Bd2 b6 6. Nf3 Bb7 7. Rc1 d5 8. cxd5 {E51: Nimzo-Indian: Rubinstein: 4...0-0 5 Nf3 d5} exd5 9. Bd3 Nbd7 10. Nb5 $146 {The position is equal.} ({Predecessor:} 10. O-O Be7 11. Be1 c5 12. Ne5 cxd4 13. Nxd7 Nxd7 14. exd4 Nb8 15. Bd2 Nc6 16. Bf4 g6 17. Bb5 Bf6 18. Ne2 {1-0 (65) Gupta,A (2588)-Vidit,S (2711) Douglas 2018}) 10... Bxd2+ 11. Nxd2 c5 12. Nd6 Bc6 13. b4 (13. O-O $11) 13... c4 ({Better is} 13... cxd4 $1 $15 14. Nf3 (14. Rxc6 Ne5 $15) 14... dxe3 15. Rxc6 Nb8 16. Nxf7 Rxf7) 14. Bb1 $2 {[#]} (14. b5 $1 $11 {and White stays safe.} Bb7 15. Nxb7) 14... Qe7 $36 {[%mdl 2048] White is under strong pressure.} 15. Nf5 Qxb4 16. Bc2 {intending a3!} Rae8 {Played: Rf8-e8} 0-1

[Event "42nd GRE-ch Women 2019"]
[Site "Thessaloniki"]
[Date "2019.11.20"]
[Round "1.5"]
[White "Grapsa, Georgia"]
[Black "Koutsidi, Amalia"]
[Result "1-0"]
[WhiteElo "2026"]
[BlackElo "1724"]
[Annotator "NA RC"]
[PlyCount "51"]
[EventDate "2019.11.20"]
[EventType "tourn"]
[EventCountry "GRE"]
[SourceTitle "playchess.com"]
[Source "ChessBase"]
[SourceQuality "1"]
[TimeControl "40/5400+30:1800+30"]

1. d4 {[%emt 0:00:00]} Nf6 {[%emt 0:00:00]} 2. c4 {[%emt 0:00:00]} e6 {[%emt 0:00:00]} 3. g3 {[%emt 0:00:00]} d5 {[%emt 0:00:00]} 4. Nf3 {[%emt 0:00:00]} Be7 {[%emt 0:00:05]} 5. Bg2 {[%emt 0:00:00]} O-O {[%emt 0:00:10]} 6. O-O {[%emt 0:00:10]} c5 {[%emt 0:00:09]} 7. cxd5 {[%emt 0:00:11]} exd5 {[%emt 0:00:09]} 8. Nc3 {[%emt 0:01:43]} Nc6 {[%emt 0:00:32]} 9. dxc5 {[%emt 0:00:33]} Bxc5 {[%emt 0:04:55]} 10. Bg5 {[%emt 0:02:05]} Be6 {[%emt 0:15:21]} 11. Rc1 {[%emt 0:06:03]} Be7 {[%emt 0:04:27]} 12. Nd4 {[%emt 0:05:58]} h6 {[%emt 0:09:44]} 13. Bf4 {[%emt 0:13:07]} Qd7 {[%emt 0:25:43]} 14. Nxe6 {[%emt 0:07:45]} fxe6 {[%emt 0:02:03]} 15. e4 {[%emt 0:10:01]} d4 {[%emt 0:06:54]} 16. e5 {[%emt 0:02:22]} Ne8 {[%emt 0:05:04]} 17. Ne4 {[%emt 0:17:44]} g5 {[%emt 0:03:36]} 18. Bd2 {[%emt 0:01:58]} Nxe5 {[%emt 0:01:15]} 19. Qh5 {[%emt 0:06:51]} Kg7 {[%emt 0:07:08]} 20. f4 {[%emt 0:02:45]} Ng6 {[%emt 0:07:11]} 21. fxg5 {[%emt 0:00:58]} hxg5 {[%emt 0:00:59]} 22. Nxg5 {[%emt 0:01:20]} Nf6 {[%emt 0:04:06]} 23. Rxf6 {[%emt 0:02:01]} Rxf6 {[%emt 0:00:07]} 24. Qh7+ {[%emt 0:00:13]} Kf8 {[%emt 0:00:16]} 25. Ne4 {[%emt 0:06:46]} Qe8 {[%emt 0:01:22]} 26. Bh6# {[%emt 0:00:41]} 1-0

[Event "42nd GRE-ch Women 2019"]
[Site "Thessaloniki"]
[Date "2019.11.21"]
[Round "2.1"]
[White "Hristodoulaki, Antonia"]
[Black "Koutsidi, Amalia"]
[Result "1/2-1/2"]
[WhiteElo "2054"]
[BlackElo "1724"]
[Annotator "NA RC"]
[PlyCount "119"]
[EventDate "2019.11.20"]
[EventType "tourn"]
[EventCountry "GRE"]
[SourceTitle "playchess.com"]
[Source "ChessBase"]
[SourceQuality "1"]
[TimeControl "40/5400+30:1800+30"]

1. e4 {[%emt 0:00:05]} c5 {[%emt 0:00:00]} 2. c3 {[%emt 0:00:05]} d6 {[%emt 0:04:29]} 3. d4 {[%emt 0:00:20]} cxd4 {[%emt 0:09:08]} 4. cxd4 {[%emt 0:00:31]} g6 {[%emt 0:01:25]} 5. Nf3 {[%emt 0:07:14]} Bg7 {[%emt 0:01:33]} 6. Bc4 {[%emt 0:07:37]} Nf6 {[%emt 0:04:00]} 7. Nc3 {[%emt 0:01:30]} O-O {[%emt 0:02:26]} 8. Qe2 {[%emt 0:06:00]} Nc6 {[%emt 0:10:19]} 9. h3 {[%emt 0:06:18]} a6 {[%emt 0:15:14]} 10. e5 {[%emt 0:07:41]} dxe5 {[%emt 0:06:08]} 11. dxe5 {[%emt 0:00:28]} Ne8 {[%emt 0:00:33]} 12. O-O {[%emt 0:02:25]} Nd4 {[%emt 0:06:57]} 13. Nxd4 {[%emt 0:06:12]} Qxd4 {[%emt 0:00:19]} 14. Re1 {[%emt 0:07:29]} Nc7 {[%emt 0:05:30]} 15. Bb3 {[%emt 0:03:25]} Be6 {[%emt 0:01:28]} 16. Bxe6 {[%emt 0:11:53]} Nxe6 {[%emt 0:00:28]} 17. Qf3 {[%emt 0:02:23]} Qb4 {[%emt 0:11:52]} 18. Re4 {[%emt 0:06:39]} Qb6 {[%emt 0:04:11]} 19. Nd5 {[%emt 0:01:33]} Qc5 {[%emt 0:00:13]} 20. Rb4 {[%emt 0:06:29]} Rad8 {[%emt 0:03:10]} 21. Nxe7+ {[%emt 0:01:21]} Qxe7 {[%emt 0:00:06]} 22. Rxb7 {[%emt 0:00:09]} Rd7 {[%emt 0:00:40]} 23. Rb6 {[%emt 0:03:11]} Nd4 {[%emt 0:01:02]} 24. Qg4 {[%emt 0:02:23]} Bxe5 {[%emt 0:02:26]} 25. Bg5 {[%emt 0:01:15]} Qc5 {[%emt 0:03:44]} 26. Rxa6 {[%emt 0:02:06]} Qb5 {[%emt 0:01:22]} 27. Ra3 {[%emt 0:02:36]} Qxb2 {[%emt 0:01:15]} 28. Re1 {[%emt 0:00:34]} Qxa3 {[%emt 0:01:17]} 29. Qxd7 {[%emt 0:01:37]} Qd6 {[%emt 0:00:44]} 30. Qa7 {[%emt 0:02:25]} Nc6 {[%emt 0:01:30]} 31. Qe3 {[%emt 0:00:03]} Bg7 {[%emt 0:00:27]} 32. a4 {[%emt 0:00:21]} Qd4 {[%emt 0:00:35]} 33. Qb3 {[%emt 0:01:12]} Qb4 {[%emt 0:00:36]} 34. Qxb4 {[%emt 0:00:39]} Nxb4 {[%emt 0:00:04]} 35. Be7 {[%emt 0:00:06]} Rb8 {[%emt 0:00:06]} 36. Bd6 {[%emt 0:00:25]} Bc3 {[%emt 0:01:01]} 37. Re3 {[%emt 0:00:45]} Rc8 {[%emt 0:01:02]} 38. Rxc3 {[%emt 0:00:40]} Rxc3 {[%emt 0:00:04]} 39. Bxb4 {[%emt 0:00:06]} Rc4 {[%emt 0:00:19]} 40. Bd2 {[%emt 0:00:00]} Rxa4 {[%emt 0:00:00]} 41. Kh2 {[%emt 0:00:58]} f5 {[%emt 0:01:26]} 42. Kg3 {[%emt 0:00:16]} Kf7 {[%emt 0:00:07]} 43. Bc1 {[%emt 0:02:34]} Ke6 {[%emt 0:00:37]} 44. Kf3 {[%emt 0:00:35]} Re4 {[%emt 0:01:44]} 45. Bh6 {[%emt 0:00:38]} Kd5 {[%emt 0:00:28]} 46. Be3 {[%emt 0:01:17]} Kc4 {[%emt 0:00:38]} 47. Bd2 {[%emt 0:01:05]} Kd3 {[%emt 0:00:19]} 48. Bg5 {[%emt 0:00:22]} Kc2 {[%emt 0:00:47]} 49. Bh6 {[%emt 0:01:18]} Kd1 {[%emt 0:03:35]} 50. Be3 {[%emt 0:01:06]} Ke1 {[%emt 0:00:39]} 51. g3 {[%emt 0:00:42]} Kf1 {[%emt 0:04:41]} 52. h4 {[%emt 0:00:34]} Ra4 {[%emt 0:03:11]} 53. Bd2 {[%emt 0:02:23]} Ra3+ {[%emt 0:01:24]} 54. Be3 {[%emt 0:00:18]} h6 {[%emt 0:12:51]} 55. g4 {[%emt 0:01:25]} fxg4+ {[%emt 0:01:30]} 56. Kxg4 {[%emt 0:00:02]} Ke2 {[%emt 0:01:25]} 57. Bxh6 {[%emt 0:00:33]} Kxf2 {[%emt 0:00:12]} 58. Kg5 {[%emt 0:01:07]} Ra6 {[%emt 0:00:45]} 59. Kg4 {[%emt 0:00:52]} Ke2 {[%emt 0:01:03]} 60. Bg7 {[%emt 0:00:31]} 1/2-1/2

[Event "42nd GRE-ch Women 2019"]
[Site "Thessaloniki"]
[Date "2019.11.21"]
[Round "2.2"]
[White "Markantonaki, Haritomeni"]
[Black "Grapsa, Georgia"]
[Result "1-0"]
[WhiteElo "2178"]
[BlackElo "2026"]
[Annotator "TA"]
[PlyCount "74"]
[EventDate "2019.11.20"]
[EventType "tourn"]
[EventCountry "GRE"]
[SourceTitle "playchess.com"]
[Source "ChessBase"]
[SourceQuality "1"]

{[%evp 20,74,21,20,24,2,20,35,18,18,18,18,18,22,47,51,50,0,0,0,0,0,125,41,49,41,55,36,41,41,84,41,54,33,169,177,183,169,347,359,341,327,311,232,253,185,229,201,659,277,867,885,1395,1331,2058,1855,2279]} 1. e4 d6 2. d4 Nf6 3. Nc3 e5 4. Nf3 Nbd7 5. Bc4 Be7 6. O-O O-O 7. Re1 c6 8. a4 a5 9. b3 exd4 10. Nxd4 Ne5 11. Bf1 Re8 {C41: Philidor Defence} 12. Bb2 (12. Ba3 Qb6 13. Qd2 Bd7 14. Rad1 Rad8 15. f3 h6 16. Qf2 Bf8 17. Nde2 Qc7 18. h3 b5 19. axb5 cxb5 {0-1 (53) Zhou,W (2603)-Yu,Y (2760) China 2018}) 12... Qb6 13. Qd2 Bg4 {White is slightly better.} 14. Kh1 Rad8 15. h3 $146 ({Predecessor:} 15. f3 Bc8 16. Rad1 Qc7 17. Qf2 Nh5 18. g3 g6 19. h3 {½-½ (86) Rooze,J (2369)-Sakr,N (2150) Beirut 2014}) 15... Bc8 16. Rad1 d5 17. exd5 Bc5 18. f4 Ng6 {White must now prevent ...Rxe1.} 19. Rxe8+ Rxe8 20. Bc4 Nh5 {[#]} (20... Rd8 $11 {remains equal.}) 21. Nce2 (21. dxc6 $1 $16 {And now Nd5 would win.} bxc6 22. Nce2) 21... Bb4 22. Bc3 $36 {[%mdl 2048] White has good play.} cxd5 23. Bxb4 dxc4 24. Bxa5 Qa6 25. Bc3 {Strongly threatening f5.} h6 26. Kh2 Re4 {[#]} (26... cxb3 $14 27. cxb3 Nh4) 27. Nb5 $1 $18 cxb3 28. cxb3 Be6 $2 (28... Qc6) 29. Qc2 Rxe2 30. Qxe2 Nhxf4 31. Rd8+ Kh7 32. Qb2 Qc6 33. Bxg7 Bd5 $2 (33... Bxh3 34. Bf8 (34. gxh3 Qf3 $11) 34... Qxg2+ 35. Qxg2 Bxg2) 34. Rd6 (34. Bh8 $142 {[%csl Gh8][%cal Rb2g7]} f6 35. Rd6) 34... Qe8 $2 (34... Qc8 35. Be5 Bxg2) 35. Nc7 $1 {[%csl LRd5,LRe8][%mdl 64] Double Attack. White is clearly winning.} Qe7 36. Nxd5 Qxd6 37. Nf6+ Kxg7 {Accuracy: White = 59%, Black = 38%.} 1-0

[Event "42nd GRE-ch Women 2019"]
[Site "Thessaloniki"]
[Date "2019.11.21"]
[Round "2.3"]
[White "Serefidou, Despina"]
[Black "Pavlidou, Ekaterini"]
[Result "0-1"]
[WhiteElo "1899"]
[BlackElo "2183"]
[Annotator "TA"]
[PlyCount "66"]
[EventDate "2019.11.20"]
[EventType "tourn"]
[EventCountry "GRE"]
[SourceTitle "playchess.com"]
[Source "ChessBase"]
[SourceQuality "1"]

{[%evp 12,66,13,-2,0,-13,0,0,0,-6,11,-3,0,0,0,-4,33,26,24,33,27,46,80,66,189,193,219,218,159,168,218,256,226,201,270,267,269,197,398,408,752,325,647,445,441,441,424,409,354,-1486,-1029,-29993,-29994,-29994,-29995,-29995,-556]} 1. e4 c5 2. Nf3 Nf6 3. e5 Nd5 4. b3 e6 5. Bb2 Nc6 6. Nc3 Nxc3 7. Bxc3 b6 {B40: Sicilian: 2...e6, Unusual lines} (7... d5 8. exd6 Bxd6 9. Bxg7 Rg8 10. Bc3 e5 11. Bb5 Bd7 12. Qe2 Qe7 13. O-O-O O-O-O 14. g3 e4 15. Bxc6 Bxc6 {1-0 (28) Miton,K (2638)-Bologan,V (2659) Warsaw 2006}) 8. d4 $146 ({Predecessor:} 8. Bd3 Bb7 9. Qe2 Be7 10. a4 a6 11. O-O-O Qc7 12. Kb1 h6 13. Kb2 Nb4 14. Bxb4 cxb4 15. h4 {1-0 (57) Brandstaetter,M (1652)-Welten,H (1887) Vlissingen 2019}) 8... cxd4 9. Nxd4 Nxd4 {The position is equal.} 10. Qxd4 Bb7 11. O-O-O Bc5 12. Qg4 O-O 13. f4 g6 14. h4 Rc8 15. Rh3 h5 16. Qe2 Qe7 17. g4 hxg4 (17... Bb4 $14 18. Bd4 hxg4 19. Qxg4 Be4) 18. Qxg4 $18 Ba3+ 19. Bb2 $1 Be4 20. Bd3 $1 {[%cal Rd3e4]} Bf5 21. Bxf5 exf5 22. Qg2 Rc6 23. h5 Rfc8 24. Rd2 {Threatens to win with hxg6.} Bb4 $2 (24... g5 25. Qxg5+ Qxg5 26. fxg5 Bxb2+ 27. Kxb2 Rc5) 25. Re2 Qc5 {[#]} (25... g5 $142 26. fxg5 Qe6) 26. Qh2 (26. e6 $142 $1 {[%mdl 512] exf7+ would kill now.} Rxe6 27. Rxe6 dxe6 28. hxg6 Qxc2+ 29. Qxc2 Rxc2+ 30. Kxc2 fxg6 31. Rh8+ Kf7 32. Rh7+ Ke8 33. Rxa7) 26... Kf8 $2 (26... g5 27. fxg5 Ba3 28. Bxa3 Qxa3+ 29. Kb1 a5) 27. hxg6 Rxg6 28. Rh8+ Ke7 29. Qh4+ $1 Ke6 {[#] ( -> ...Rg1+)} 30. Rxc8 $4 {[%mdl 8192]} (30. Qf6+ $1 $18 {[%mdl 512]} Rxf6 31. exf6+ Kd6 32. Be5+ Qxe5 33. fxe5+ Kc7 34. Rxc8+ Kxc8 {[#]} 35. c3 $1 {[%mdl 512]} Ba3+ 36. Kc2) 30... Rg1+ 31. Re1 Qe3+ $1 {[%mdl 64] Double Attack, Pin. Black mates.} 32. Kb1 Rxe1+ 33. Qxe1 Qxe1+ {Accuracy: White = 70%, Black = 21%.} 0-1